IPD UK residential investment index 2008 (Record no. 109678)

MARC details
000 -LEADER
fixed length control field 01181cad a22002175a 4500
001 - CONTROL NUMBER
control field L147679
008 - FIXED-LENGTH DATA ELEMENTS--GENERAL INFORMATION
fixed length control field 080501s2009 xxkd f s 000 0 eng d
035 ## - SYSTEM CONTROL NUMBER
System control number (Sirsi) u147679
041 0# - LANGUAGE CODE
Language code of text/sound track or separate title eng
050 04 - LIBRARY OF CONGRESS CALL NUMBER
Classification number 332.6324 $2 18
110 2# - MAIN ENTRY--CORPORATE NAME
Corporate name or jurisdiction name as entry element Investment Property Databank
9 (RLIN) 2288
245 00 - TITLE STATEMENT
Title IPD UK residential investment index 2008
Medium [electronic resource]
260 ## - PUBLICATION, DISTRIBUTION, ETC.
Place of publication, distribution, etc. London
Name of publisher, distributor, etc. IPD
Date of publication, distribution, etc. 2009
520 ## - SUMMARY, ETC.
Summary, etc. The IPD UK Residential Index is now in its eighth year. The Index accurately measures the total performance achieved by large-scale investors in UK residential property. The Index is not a simple price index but also takes into account net income and expenditure on the assets. This holistic approach allows investors to draw like-for-like comparisons with returns from commercial property and other asset classes.
590 ## - LOCAL NOTE (RLIN)
Local note KA HMS
650 24 - SUBJECT ADDED ENTRY--TOPICAL TERM
Topical term or geographic name entry element IPD UK RESIDENTIAL INVESTMENT INDEX
651 #4 - SUBJECT ADDED ENTRY--GEOGRAPHIC NAME
Geographic name United Kingdom
Chronological subdivision
690 ## - LOCAL SUBJECT ADDED ENTRY--TOPICAL TERM (OCLC, RLIN)
Topical term or geographic name as entry element PROPERTY-RESIDENTIAL PROPERTY-RESIDENTIAL PROPERTY FINANCE AND INVESTMENT
856 40 - ELECTRONIC LOCATION AND ACCESS
Uniform Resource Identifier <a href="https://www.ipd.com/OurProducts/Indices/UnitedKingdom/UKResidential/tabid/1006/Default.aspx">https://www.ipd.com/OurProducts/Indices/UnitedKingdom/UKResidential/tabid/1006/Default.aspx</a>
Public note View the item free of charge at www.ipd.com...
942 ## - ADDED ENTRY ELEMENTS (KOHA)
Suppress in OPAC 0
Holdings
Withdrawn status Lost status Source of classification or shelving scheme Damaged status Not for loan Home library Current library Shelving location Date acquired Total Checkouts Full call number Barcode Date last seen Copy number Price effective from Koha item type
    Dewey Decimal Classification     Virtual Virtual Online 04/06/2009   ONLINE PUBLICATION L147679 06/08/2019 1 06/08/2019 Journal article